Muž pre Oklahomu /

Gespeichert in:
Bibliographische Detailangaben
1. Verfasser: PAŠEK, Mirko (Verfasst von)
Weitere Verfasser: ČAČKO, Peter (Übersetzung)
Format: Buch
Sprache:Slowakisch
Veröffentlicht: Bratislava Mladé letá 1984
Ausgabe:2. vydanie
Schriftenreihe:STOPY
Tags: Tag hinzufügen
Keine Tags, Fügen Sie das erste Tag hinzu!

MARC

LEADER 00000nam a22000003a 4500
001 0101433
003 SK-STU
005 20230420090343.4
007 ta
008 230420s ----xo-----e------000-0-----d
040 |a STU  |b slo 
041 0 |a slo 
044 |a xo 
100 1 |a PAŠEK, Mirko  |4 aut 
245 1 0 |a Muž pre Oklahomu /  |c aut. Mirko PAŠEK ; prekl. Peter ČAČKO 
250 |a 2. vydanie 
260 |a Bratislava  |b Mladé letá  |c 1984 
300 |a 323 s. 
490 0 |a STOPY 
700 1 |a ČAČKO, Peter  |4 trl 
996 |c I* 4SOA13867  |l I  |s A  |a 24  |w 0101433_0001